Donna e teologia. Bilancio di un secolo, éd. C. Militello, coll. Teologia viva, Bologna, EDB, 2004, 22x14, 316 p., 23 €. ISBN 88-10-40960-4 (notice n° 1620742)
[ vue normale ]
| 000 -LEADER | |
|---|---|
| fixed length control field | 00549cam a2200133 4500500 |
| 005 - DATE AND TIME OF LATEST TRANSACTION | |
| control field | 20260111091248.0 |
| 041 ## - LANGUAGE CODE | |
| Language code of text/sound track or separate title | fre |
| 042 ## - AUTHENTICATION CODE | |
| Authentication code | dc |
| 245 00 - TITLE STATEMENT | |
| Title | Donna e teologia. Bilancio di un secolo, éd. C. Militello, coll. Teologia viva, Bologna, EDB, 2004, 22x14, 316 p., 23 €. ISBN 88-10-40960-4 |
| 260 ## - PUBLICATION, DISTRIBUTION, ETC. | |
| Date of publication, distribution, etc. | 2005.<br/> |
| 500 ## - GENERAL NOTE | |
| General note | 12 |
| 786 0# - DATA SOURCE ENTRY | |
| Note | Nouvelle revue théologique | 127 | 4 | 2005-12-15 | p. 633q-633q | 0029-4845 |
| 856 41 - ELECTRONIC LOCATION AND ACCESS | |
| Uniform Resource Identifier | <a href="https://shs.cairn.info/revue-nouvelle-revue-theologique-2005-4-page-633q?lang=fr&redirect-ssocas=7080">https://shs.cairn.info/revue-nouvelle-revue-theologique-2005-4-page-633q?lang=fr&redirect-ssocas=7080</a> |
Pas d'exemplaire disponible.




Réseaux sociaux